Deutschlands Nachbar-Nachbarländer - Statistiken

Allgemein
  • Dieses Quiz wurde 1.359 mal gespielt
  • Das Durchschnittsergebnis liegt bei 13 aus 14
Antwortstatistiken
Land via % Korrekt
Italien via Frankreich, Schweiz oder Österreich
98%
Spanien via Frankreich
98%
Slowenien via Österreich
96%
Großbritannien via Frankreich (Kanaltunnel)
95%
Slowakei via Tschechien, Polen oder Österreich
95%
Ungarn via Österreich
95%
Liechtenstein via Schweiz oder Österreich
92%
Schweden via Dänemark (Öresundbrücke)
92%
Litauen via Polen
91%
Andorra via Frankreich
90%
Belarus via Polen
89%
Ukraine via Polen
89%
Russland via Polen
88%
Monaco via Frankreich
83%
Keine übereinstimmenden Quizze gefunden
Verteilung der Resultate
Anzahl Personen mit jedem Resultat
Perzentil nach korrekt beantworteten Fragen
Ihre Resultats-Entwicklung
Sie haben dieses Quiz noch nicht gespielt